[Event "Niederbayernliga 0910"]
[Site "Germany"]
[Date "2010.01.24"]
[Round "5.3"]
[White "Ott, Anton"]
[Black "Kreilinger, Erich"]
[Result "1-0"]
[WhiteElo "1899"]
[BlackElo "1852"]
[PlyCount "118"]
[EventDate "2009.10.18"]
[EventType "team-tourn"]
[EventRounds "9"]
[EventCountry "GER"]
[SourceTitle "EXT 2011"]
[Source "ChessBase"]
[SourceDate "2010.11.26"]
[SourceVersion "1"]
[SourceVersionDate "2010.11.26"]
[SourceQuality "1"]
[WhiteTeam "Roehrnbach"]
[BlackTeam "Geiselhoering"]
[WhiteTeamCountry "GER"]
[BlackTeamCountry "GER"]

1. d4 Nf6 2. Nf3 g6 3. Nc3 Bg7 4. Bg5 h6 5. Bf4 d6 6. e4 0-0 7. Qd2 g5 8. Be3 Ng4 9. h3 Nxe3 10. fxe3 f5 11. Bc4+ Kh8 12. exf5 Bxf5 13. 0-0-0 c6 14. e4 Bg6 15. Be2 b5 16. Bd3 Nd7 17. Rdf1 Qb6 18. g4 Bxd4 19. Nxd4 Qxd4 20. h4 Rxf1+ 21. Rxf1 Qe5 22. Ne2 Nc5 23. hxg5 hxg5 24. Ng3 Qxg3 25. Qxg5 Qh3 26. Rf2 Qh7 27. Qf4 Kg8 28. Rh2 Qg7 29. Rh6 Bxe4 30. Bxe4 Nxe4 31. Rh5 Qd4 32. Rg5+ Nxg5 33. Qxd4 Nf7 34. Qd3 Ne5 35. Qh3 Kg7 36. Qh5 Rg8 37. b3 Kf6 38. Qf5+ Kg7 39. Kb2 Rf8 40. Qg5+ Ng6 41. Qe3 Rf4 42. g5 c5 43. Qe6 a5 44. Qd7 b4 45. Qe6 Rf2 46. Qh3 Ne5 47. Qh6+ Kg8 48. Qh3 c4 49. bxc4 a4 50. Qe6+ Kf8 51. Qh6+ Ke8 52. Kc1 Nxc4 53. Qg6+ Kd7 54. Qd3 Na3 55. g6 Ke8 56. g7 Rg2 57. Qh7 Rg1+ 58. Kd2 Rg2+ 59. Kd1 Nxc2 1-0

[Event "Niederbayernliga 0910"]
[Site "Germany"]
[Date "2009.10.18"]
[Round "1.3"]
[White "Kreilinger, Erich"]
[Black "Golder, Waldemar"]
[Result "1-0"]
[WhiteElo "1852"]
[BlackElo "1834"]
[PlyCount "151"]
[EventDate "2009.10.18"]
[EventType "team-tourn"]
[EventRounds "9"]
[EventCountry "GER"]
[SourceTitle "EXT 2011"]
[Source "ChessBase"]
[SourceDate "2010.11.26"]
[SourceVersion "1"]
[SourceVersionDate "2010.11.26"]
[SourceQuality "1"]
[WhiteTeam "Geiselhoering"]
[BlackTeam "Ergolding"]
[WhiteTeamCountry "GER"]
[BlackTeamCountry "GER"]

1. d4 Nf6 2. Nf3 g6 3. c4 c5 4. d5 b5 5. cxb5 a6 6. b6 Qxb6 7. Nc3 Bg7 8. e4 d6 9. Bd3 0-0 10. h3 Nbd7 11. 0-0 Bb7 12. Rb1 Rac8 13. Be3 Qa5 14. Qd2 c4 15. b4 cxb3 16. Rxb3 Ba8 17. Ne2 Qxd2 18. Nxd2 Nc5 19. Bxc5 Rxc5 20. Ra3 Nd7 21. Rxa6 Ne5 22. Bb1 Rb8 23. Nb3 Rc7 24. Ned4 g5 25. a4 Nd7 26. Nb5 Rc4 27. Ra7 Bb7 28. Bd3 Rb4 29. Bc2 Nb6 30. Na5 Nxa4 31. Nxb7 Rxb5 32. Nxd6 exd6 33. Rxa4 Rb2 34. Rc4 Ra2 35. Rb1 Rxb1+ 36. Bxb1 Ra1 37. Rc8+ Bf8 38. Rb8 Kg7 39. Kf1 Be7 40. Rb3 Bf6 41. Ke2 Ra4 42. g3 Be5 43. Rb7 h5 44. Bd3 Kf6 45. Rc7 Bd4 46. f4 Ra2+ 47. Bc2 Ra3 48. Rc4 Bb2 49. Bd3 Ra1 50. Rc6 gxf4 51. gxf4 Ke7 52. Rc7+ Ke8 53. Bb5+ Kf8 54. e5 Ba3 55. Rc8+ Kg7 56. Ra8 Rb1 57. Be8 Rb2+ 58. Kd1 Kf8 59. Bxf7+ Kxf7 60. Rxa3 Rb5 61. Rd3 Rb4 62. e6+ Ke7 63. Ke2 Rxf4 64. Rf3 Rd4 65. Rf5 Rh4 66. Rf7+ Ke8 67. Rd7 Rxh3 68. Rxd6 Rg3 69. Rd7 Rg6 70. Kf3 Rg4 71. Rh7 Rd4 72. Rxh5 Ke7 73. Rh7+ Ke8 74. Rd7 Rb4 75. Ke3 Rg4 76. Ra7 1-0